2025 NCAA Tournament Teams - Statistics

General Stats
  • This quiz has been taken 15,407 times
  • The average score is 40 of 68
Answer Stats
Region Seed Team % Correct
West 1 Florida
93%
East 1 Duke
92%
East 2 Alabama
88%
South 5 Michigan
88%
Midwest 11 Texas
88%
South 1 Auburn
87%
South 11 North Carolina
87%
South 2 Michigan State
82%
Midwest 3 Kentucky
80%
Midwest 2 Tennessee
80%
Midwest 1 Houston
79%
West 7 Kansas
76%
Midwest 9 Georgia
75%
Midwest 7 UCLA
75%
East 5 Oregon
74%
West 8 UConn
74%
East 4 Arizona
73%
West 10 Arkansas
71%
South 6 Ole Miss
71%
West 3 Texas Tech
70%
East 3 Wisconsin
70%
Midwest 8 Gonzaga
69%
South 4 Texas A&M
69%
Midwest 6 Illinois
68%
West 9 Oklahoma
68%
Midwest 4 Purdue
68%
West 2 St. John's
68%
Midwest 5 Clemson
66%
South 3 Iowa State
66%
West 4 Maryland
65%
West 6 Missouri
65%
East 6 BYU
62%
South 8 Louisville
62%
West 12 Colorado State
60%
East 9 Baylor
59%
South 13 Yale
59%
South 9 Creighton
58%
East 8 Mississippi State
57%
South 10 New Mexico
57%
South 11 San Diego State
55%
East 10 Vanderbilt
54%
Midwest 11 Xavier
53%
Midwest 10 Utah State
52%
West 5 Memphis
50%
East 7 St. Mary's
50%
South 7 Marquette
49%
South 16 Alabama State
48%
West 11 Drake
48%
Midwest 12 McNeese
47%
East 14 Montana
45%
South 12 UC San Diego
43%
East 11 VCU
43%
East 13 Akron
38%
West 13 Grand Canyon
37%
Midwest 13 High Point
37%
East 12 Liberty
35%
West 15 Omaha
34%
Midwest 14 Troy
31%
East 16 American
30%
East 16 Mount St. Mary's
30%
West 16 Norfolk State
30%
South 15 Bryant
29%
South 14 Lipscomb
29%
Midwest 15 Wofford
29%
Midwest 16 SIUE
28%
South 16 St. Francis
28%
West 14 UNC Wilmington
28%
East 15 Robert Morris
26%
No matching quizzes found
Score Distribution
Percent of People with Each Score
Percentile by Number Answered
Your Score History
You have not taken this quiz